000
00298nam a22001337a 4500
008
170602b xxu||||| |||| 00| 0 eng d
020
_a
9780765609052
041
_a
eng
080
_a
94(4)
100
_a
17
101
_a
AHH
245
_a
EUROPEAN HISTORY HIGWAY
_c
TRINKLE.D.A
942
_2
udc
_c
BK
999
_c
15674
_d
15674